Planeamiento de la enseñanza / (Record no. 44938)

MARC details
000 -CABECERA
campo de control de longitud fija 00606nam a2200193 a 4500
005 - FECHA Y HORA DE LA ÚLTIMA TRANSACCIÓN
campo de control 20220924063636.0
008 - ELEMENTOS DE LONGITUD FIJA--INFORMACIÓN GENERAL
campo de control de longitud fija 991125s1972 bue 000 0 spa u
035 ## - NÚMERO DE CONTROL DEL SISTEMA
Número de control de sistema UPN01000044938
049 ## - COLECCIÓN
Colección CG
050 #4 - SIGNATURA TOPOGRÁFICA DE LA BIBLIOTECA DEL CONGRESO
Número de clasificación LB1031
Número de documento/Ítem P6.48
100 1# - ASIENTO PRINCIPAL--NOMBRE PERSONAL
Nombre de persona Popham, W. James
9 (RLIN) 29869
245 10 - MENCIÓN DE TÍTULO
Título Planeamiento de la enseñanza /
Mención de responsabilidad, etc. W. James Popham, Eva L. Baker ; tr. de Dolores Valle.
260 ## - PUBLICACIÓN, DISTRIBUCIÓN, ETC.
Lugar de publicación, distribución, etc. Buenos Aires :
Nombre del editor, distribuidor, etc. Paidós,
Fecha de publicación, distribución, etc. 1972.
300 ## - DESCRIPCIÓN FÍSICA
Extensión 136 p.
440 #0 - MENCIÓN DE SERIE/ASIENTO SECUNDARIO--TÍTULO
Título Biblioteca del educador contemporáneo ;
Designación de volumen o secuencia 31
650 #7 - ASIENTO SECUNDARIO DE MATERIA - TERMINO TEMATICO
Término de materia o nombre geográfico como elemento de entrada Enseñanza programada
Fuente del encabezamiento o término
9 (RLIN) 2238
700 1# - ASIENTO SECUNDARIO--NOMBRE DE PERSONAL
Nombre de persona Baker, Eva L.,
Término indicativo de función/relación coaut.
9 (RLIN) 32413
905 ## - TIPO DE MATERIAL
Tipo de material Libro
Holdings
Estado de retiro Estado de pérdida Fuente del sistema de clasificación o colocación Estado dañado No para préstamo Código de colección Localización permanente Ubicación/localización actual Ubicación en estantería Total de préstamos Clasificación Código de barras Fecha visto por última vez Número de copia Tipo de ítem Koha
    Library of Congress Classification     Colección General Bib. Gregorio Torres Quintero Bib. Gregorio Torres Quintero Planta baja   LB1031 P6.48 15137 31/12/2020 1 Libro
    Library of Congress Classification     Colección General Bib. Gregorio Torres Quintero Bib. Gregorio Torres Quintero Planta baja 2 LB1031 P6.48 9648 31/12/2020 1 Libro
    Library of Congress Classification     Colección General Bib. Gregorio Torres Quintero Bib. Gregorio Torres Quintero Planta baja 1 LB1031 P6.48 7820 31/12/2020 1 Libro
    Library of Congress Classification     Colección General Bib. Gregorio Torres Quintero Bib. Gregorio Torres Quintero Planta baja   LB1031 P6.48 66838 31/12/2020 1 Libro
    Library of Congress Classification     Colección General Bib. Gregorio Torres Quintero Bib. Gregorio Torres Quintero Planta baja 2 LB1031 P6.48 43592 31/12/2020 1 Libro